000
00474nam a2200181Ia 4500
008
090123s9999 xx 000 0 und d
082
_b
12673
100
_a
कुरळे शाम
245
_a
फिरकी
250
_a
1
260
_b
प्रचार प्रकाशन
_c
1983
300
_a
173
600
_a
कुरळे शाम
630
_a
फिरकी
700
_a
कुरळे शाम
730
_a
फिरकी
942
_c
BOOK
999
_c
50738
_d
50738